• 首页
  • 本馆介绍
  • 公告通知
  • 最新文献
  • 馆藏检索
  • 电子资源
  • 读者导购
  • 参考咨询
  • 我的图书馆
  • 登录
  • 详细信息显示
  • 放入我的书架
  • 预约/预借图书
  • 作者相关作品
  • 分类相关作品
  • 丛书相关作品
  • 出版社相关作品

书目信息

  • 表格格式
  • 工作单格式
  • 卡片格式
题名:
运动生物化学概论
    
 
作者: 许豪文 编著
分册:  
出版信息: 北京   高等教育出版社  2001
页数: 426页
开本: 22cm
丛书名:
单 册:
中图分类: G804.7
科图分类:
主题词: 运动生物化学
电子资源:
ISBN: 7-04-009929-2
000 00556nam0 2200193 450
001 0631390141
005 20070701102659.59
010    @a7-04-009929-2@dCNY37.20
100    @a20060314d2001 km y0chiy0120 ea
101 0  @achi
102    @aCN@b110000
200 1  @a运动生物化学概论@Ayun dong sheng wu hua xue gai lun@f许豪文编著@Fxu hao wen bian zhu
210    @a北京@c高等教育出版社@d2001
215    @a426页@d22cm
606 0  @a运动生物化学
690    @aG804.7@v4
701  0 @a许豪文@Axu hao wen@4编著
801  0 @aCN@bPFT@c20070701
905    @a10447@dG804.7@e160
    
    运动生物化学概论/许豪文编著.-北京:高等教育出版社,2001
    426页;22cm
    
    
    ISBN 7-04-009929-2:CNY37.20
    
●
相关链接 在E读中查询图书 在五车中查询图书 在当当中查询图书 在豆瓣中查询图书


正题名:运动生物化学概论     索取号:G804.7/160         预约/预借

序号 登录号 条形码 馆藏地/架位号 状态 备注
1 0339701   203397010   第一样本阅览室/ [索取号:G804.7/160] 在馆    
2 0339702   203397029   第四借阅区/ [索取号:G804.7/160] 在馆    
3 0339703   203397038   密集书库/ [索取号:G804.7/160] 在馆    
4 0339704   203397047   第四借阅区/ [索取号:G804.7/160] 在馆    
5 0339705   203397056   密集书库/ [索取号:G804.7/160] 在馆    
6 0763572   207635727   库房3/ [索取号:G804.7/160] 在馆    
7 0763573   207635736   库房3/ [索取号:G804.7/160] 在馆    
8 0763574   207635745   库房3/ [索取号:G804.7/160] 在馆    
9 0763575   207635754   库房3/ [索取号:G804.7/160] 在馆    
10 0763576   207635763   库房3/ [索取号:G804.7/160] 在馆    
11 0763577   207635772   库房3/ [索取号:G804.7/160] 在馆    
12 0763578   207635781   库房3/ [索取号:G804.7/160] 在馆    
13 0763579   207635790   库房3/ [索取号:G804.7/160] 在馆    
14 0763580   207635807   库房3/ [索取号:G804.7/160] 在馆    
15 0763581   207635816   库房3/ [索取号:G804.7/160] 在馆    
16 0763582   207635825   库房3/ [索取号:G804.7/160] 在馆    
17 0763583   207635834   库房3/ [索取号:G804.7/160] 在馆    
18 0763584   207635843   库房3/ [索取号:G804.7/160] 在馆    
19 0763585   207635852   库房3/ [索取号:G804.7/160] 在馆    
20 0763586   207635861   库房3/ [索取号:G804.7/160] 在馆    
21 0763587   207635870   库房3/ [索取号:G804.7/160] 在馆    
唐山师范学院图书馆 欢迎您!
大连网信软件有限公司© 版权所有